| 000 -LEADER |
| fixed length control field |
01275nam a22003617a 4500 |
| 001 - CONTROL NUMBER |
| control field |
17831955 |
| 003 - CONTROL NUMBER IDENTIFIER |
| control field |
LIBRIS |
| 005 - DATE AND TIME OF LATEST TRANSACTION |
| control field |
20210426101717.0 |
| 008 - FIXED-LENGTH DATA ELEMENTS--GENERAL INFORMATION |
| fixed length control field |
150408s19921990nyua 000 1 eng d |
| 020 ## - INTERNATIONAL STANDARD BOOK NUMBER |
| International Standard Book Number |
9780452267855 |
| 020 ## - INTERNATIONAL STANDARD BOOK NUMBER |
| International Standard Book Number |
0452267854 |
| 035 ## - SYSTEM CONTROL NUMBER |
| System control number |
(OCoLC)ocn861657385 |
| 040 ## - CATALOGING SOURCE |
| Original cataloging agency |
CNSAP |
| Language of cataloging |
eng |
| Transcribing agency |
CNSAP |
| Modifying agency |
OCLCO |
| -- |
Jm |
| 041 ## - LANGUAGE CODE |
| Language code of text/sound track or separate title |
eng |
| 080 ## - UNIVERSAL DECIMAL CLASSIFICATION NUMBER |
| Universal Decimal Classification number |
821.111 |
| Item number |
F-85 |
| 082 04 - DEWEY DECIMAL CLASSIFICATION NUMBER |
| Classification number |
823/.914 |
| Edition number |
20 |
| 100 1# - MAIN ENTRY--PERSONAL NAME |
| Personal name |
Fraser, George MacDonald, |
| Dates associated with a name |
1925-2008. |
| Authority record control number or standard number |
303255 |
| 245 10 - TITLE STATEMENT |
| Title |
Flashman and the mountain of light : |
| Remainder of title |
from the Flashman papers, 1845-46 (#4) / |
| Statement of responsibility, etc. |
edited and arranged by George MacDonald Fraser. |
| 260 ## - PUBLICATION, DISTRIBUTION, ETC. |
| Place of publication, distribution, etc. |
New York |
| Name of publisher, distributor, etc. |
Plume Book |
| Date of publication, distribution, etc. |
1991, c1990, 1992 |
| 300 ## - PHYSICAL DESCRIPTION |
| Extent |
365 p. : |
| Other physical details |
ill. ; |
| Dimensions |
21 cm. |
| 365 ## - TRADE PRICE |
| Price amount |
15 usd |
| 600 10 - SUBJECT ADDED ENTRY--PERSONAL NAME |
| Personal name |
Flashman, Harry Paget (Fictitious character) |
| Form subdivision |
Fiction. |
| 650 #0 - SUBJECT ADDED ENTRY--TOPICAL TERM |
| Topical term or geographic name entry element |
British |
| Geographic subdivision |
India |
| Form subdivision |
Fiction. |
| 650 #0 - SUBJECT ADDED ENTRY--TOPICAL TERM |
| Topical term or geographic name entry element |
English literature |
| 9 (RLIN) |
254 |
| 650 #0 - SUBJECT ADDED ENTRY--TOPICAL TERM |
| Topical term or geographic name entry element |
Soldiers |
| Form subdivision |
Fiction. |
| 651 #0 - SUBJECT ADDED ENTRY--GEOGRAPHIC NAME |
| Geographic name |
Punjab (India) |
| Form subdivision |
Fiction. |
| 653 ## - INDEX TERM--UNCONTROLLED |
| Uncontrolled term |
ინგლისური ლიტერატურა |
| 830 #0 - SERIES ADDED ENTRY--UNIFORM TITLE |
| Uniform title |
Flashman papers series. |
| 900 1s - EQUIVALENCE OR CROSS-REFERENCE-PERSONAL NAME [LOCAL, CANADA] |
| Linkage |
100 |
| Dates associated with a name |
1925-2008 |
| Affiliation |
Fraser, George MacDonald, |
| Dates associated with a name |
1925-2008 |
| 942 ## - ADDED ENTRY ELEMENTS (KOHA) |
| Source of classification or shelving scheme |
|
| Koha item type |
Books |